Transferencia de cantidad de movimiento, calor y masa
| Main Authors: | , , |
|---|---|
| Format: | Section = Libro |
| Language: | Undetermined Spanish |
| Published: |
La Habana
Pueblo y Educación
1988
|
| Subjects: |
| LEADER | 00636nam a2200229Ia 4500 | ||
|---|---|---|---|
| 008 | 240830s9999 xx 000 0 und d | ||
| 020 | |a 84-291-7051-0 | ||
| 040 | |a CEDOC FIQ-RUSB / 660.2842 G215 | ||
| 041 | |a spa | ||
| 082 | |a 660.2842 G215 | ||
| 100 | 1 | |a Garcell Puyan, Leonel | |
| 100 | 1 | |b Díaz García, Armando | |
| 100 | 1 | |c Suris Conde, Gustavo | |
| 245 | 1 | 0 | |a Transferencia de cantidad de movimiento, calor y masa |
| 260 | |a La Habana |b Pueblo y Educación |c 1988 | ||
| 300 | |a 2. v: il | ||
| 650 | 7 | |a CALOR-TRANSMISION | |
| 650 | 7 | |b MASA | |
| 650 | 7 | |c FENOMEMOS DE TRANSPORTE | |
| 942 | |c BK |2 ddc | ||
| 991 | |a TEXTO | ||
| 999 | |c 13208 | ||